书目信息 |
| 题名: |
旅游接待礼仪
|
|
| 作者: | 李嘉珊 , 刘俊伟 主编 | |
| 分册: | ||
| 出版信息: | 北京 中国人民大学出版社 2006.04 |
|
| 页数: | 287页 | |
| 开本: | 23cm | |
| 丛书名: | ||
| 单 册: | ||
| 中图分类: | F590.63 | |
| 科图分类: | ||
| 主题词: | 旅游业--lu you ye--礼仪--高等教育--教材 | |
| 电子资源: | ||
| ISBN: | 7-300-07262-3 | |
| 000 | 00891nam0 2200241 450 | |
| 001 | 012006999226 | |
| 005 | 20061127151850.09 | |
| 010 | @a7-300-07262-3@dCNY21.00 | |
| 100 | @a20061027d2006 km y0chiy0120 ea | |
| 101 | 0 | @achi |
| 102 | @aCN@b110000 | |
| 105 | @aa z 000yy | |
| 200 | 1 | @a旅游接待礼仪@Alu you jie dai li yi@f李嘉珊, 刘俊伟主编@Fli jia shan,liu jun wei zhu bian |
| 210 | @a北京@c中国人民大学出版社@d2006.04 | |
| 215 | @a287页@c图@d23cm | |
| 300 | @a高职高专旅游管理系列教材 | |
| 330 | @a本书围绕旅游的六大要素,即吃、住、行、游、购、娱,结合旅游接待服务礼仪的各个方面,特别是对旅游各个环节中接待人员的礼仪规范及旅游者的行为准则进行了有针对性的叙述。 | |
| 606 | 0 | @a旅游业@Alu you ye@x礼仪@x高等教育@j教材 |
| 690 | @aF590.63@v4 | |
| 701 | 0 | @a李嘉珊@Ali jia shan@4主编 |
| 701 | 0 | @a刘俊伟@Aliu jun wei@4主编 |
| 801 | 0 | @aCN@c20061127 |
| 905 | @a10447@dF590.63@eL186 | |
| 旅游接待礼仪/李嘉珊, 刘俊伟主编.-北京:中国人民大学出版社,2006.04 |
| 287页:图;23cm |
| 高职高专旅游管理系列教材 |
| ISBN 7-300-07262-3:CNY21.00 |
| 本书围绕旅游的六大要素,即吃、住、行、游、购、娱,结合旅游接待服务礼仪的各个方面,特别是对旅游各个环节中接待人员的礼仪规范及旅游者的行为准则进行了有针对性的叙述。 |
| ● |
| 相关链接 |
|
|
|
正题名:旅游接待礼仪
索取号:F590.63/L186
 
预约/预借
| 序号 | 登录号 | 条形码 | 馆藏地/架位号 | 状态 | 备注 |
| 1 | 224037 | 202240379 | 社科库409/409社科库 39排2列3层/ [索取号:F590.63/L186] | 在馆 | |
| 2 | 224038 | 202240388 | 社科二线422/422社科库 13排1列4层/ [索取号:F590.63/L186] | 在馆 | |
| 3 | 224039 | 202240397 | 社科库409/409社科库 39排2列3层/ [索取号:F590.63/L186] | 在馆 |